[Event "EU-chT (Men) 20th"]
[Site "Reykjavik"]
[Date "2015.11.19"]
[Round "6.2"]
[White "Berg, Emanuel"]
[Black "Howell, David"]
[Result "1/2-1/2"]
[WhiteElo "2575"]
[BlackElo "2693"]
[Annotator "Berg,E"]
[PlyCount "115"]
[EventDate "2015.11.13"]
[EventType "team-swiss"]
[EventRounds "9"]
[EventCountry "ISL"]
[SourceTitle "CBM 170"]
[Source "ChessBase"]
[SourceDate "2016.01.15"]
[SourceVersion "1"]
[SourceVersionDate "2016.01.15"]
[SourceQuality "1"]
[WhiteTeam "Sweden"]
[BlackTeam "England"]
[WhiteTeamCountry "SWE"]
[BlackTeamCountry "ENG"]

1. e4 e5 2. Nf3 Nc6 3. Bc4 {Having played the Spanish in almost all my games
of late, it was time for a change not the least to surprise my opponent.} Bc5
4. c3 Nf6 5. b4 $5 {The Italian Wing Attack. Not really something particulary
dangerous for Black but leading to interesting play and hopefully something my
opponent hadn't checked.} Bb6 6. d3 d6 7. a4 {White hopes to get a space
advantage on the queenside with some long term pressure.} a5 $1 (7... a6 {
is the main alternative and the most popular move over the years. However I
find it rather comfortable for White following} 8. Nbd2 {intending ideas like
Bb3 and Nc4.}) 8. b5 Ne7 9. Bb3 {The bishop gives space for the knight on b1.
It's better to wait with castling for White to avoid} (9. O-O Ng6 10. Ba2 O-O
11. Nbd2 Bg4 12. h3 Bh5 {1/2-1/2 (42) Jobava,B (2712)-Hammer,J (2601) Rogaska
Slatina 2011; when Black has a nice initiative on the kingside.}) 9... Ng6 10.
Na3 c6 {Black opens a route for his bishop to c7.} 11. Nc4 Bc7 {Now Black's
plan is to proceed with ...d5.} 12. O-O O-O 13. Re1 Re8 {White can no longer
stop Black from ...d5 so it's time to retreat with the knight from c4.} 14. Ne3
{A good square for the knight preventing ...Bg4.} d5 {Black has achieved his
main aim and has a nice pawn centre. However this is where the real battle
starts.} 15. exd5 cxd5 16. g3 $1 {A good move restricting Black's knight on g6
while also securing White's king against attacks along the b8-h2 diagonal.
True it also has a drawback of weakening the light squares but that's nothing
Black can take advantage of at first sight. I had been analysing this exact
position at my hotel room before the game and come to the conclusion that
White had interesting chances to fight for an edge although theoreticaly Black
should be just fine.} b6 {A logical move preparing the a8-h1 diagonal for the
light squared bishop.} 17. d4 {White's main idea in the position. Now after ...
e4 he can play his knight back to d2 preparing the c4-break.} Bb7 {Black keeps
the centre dynamic hoping for an opening of the long diagonal.} 18. Bb2 {
So far I had evrything under control having played my moves quickly while my
opponent had used a considerable amount of time.} Qd7 {A human move which I
had not investigated during my preparation.} ({Instead the computer gave} 18...
e4 19. Nd2 {which I was quite satisfied with. Having the pawn on e4 it's hard
for Black to create anything really dangerous on the kingside. But White for
his part can always open up with c4 at some point.}) 19. Re2 {Played after a
long period of thought. The fact that Black's pawns were not static on d5 and
e4 troubled me and I was slightly concerned about ...Qh3 ideas.} ({My first
thought was to play} 19. Rc1 {which is also the computer's top suggestion.
However I was not quite comfortable and thought that perhaps Black could get a
quick attack on the kingside following} Qh3 $5 {Even with the computer by my
side I'm far from convinced that the fearless} 20. c4 $1 {would lead to
something good for White. To open the long diagonal towards White's king looks
like a nightmare. When going down the lines a bit we end up in a critical
position after} (20. Ng5 Qh6 21. dxe5) {The main continuation follows} 20...
exd4 21. Bxd4 (21. Ng5 $5 {also deserves serious attention intending} Qh6 22.
Nxf7 {with great complications.}) 21... Ng4 22. cxd5 Nh4 $1 23. Rc2 $1 $13 {
An important defensive resource which is the only way of surviving for White.
Although the computer engine keeps rather calm all the way down these lines
even the smallest error could end up in disaster for White.}) 19... e4 {
This plays into White's hands, especially as now I knew exactly which plan to
follow.} ({Instead} 19... Qh3 {was what I expected when White has to be
careful.} {I had planned to continue} 20. dxe5 Nxe5 21. Nxe5 Rxe5 22. Qf1 Qh5
23. Rae1 {when White has driven away Black's queen and has things pretty much
under control.}) 20. Nd2 h5 $6 {This plan might look logical but in fact it
only wastes time and in the end even helps White.} (20... Rad8 {looks better
to keep control in the centre and be ready for the c4-break.}) 21. Qf1 {
A practical move but there might well have been better options.} ({The
immediate} 21. c4 $5 {is one interesting alternative.}) 21... h4 22. c4 dxc4 {
This exchange gives White a very harmonious position. Perhaps Black should
rather have allowed the advance c5 although that's not an easy decision to
make.} 23. Ndxc4 Nd5 ({During the game I started to think about} 23... Nh7 {
intending ...Ng5-f3. This would at least be slightly annoying for White but
the central counterplay should prove stronger after} 24. d5 Ng5 25. Rd1 Nf3+
26. Kh1 $14 {since Black lacks the power to continue his attack.}) 24. Rd1 $1 {
Nicely preparing for Ne5 which is now a major concern for Black.} Qe7 25. Ne5
Rad8 $6 {Black was in a difficult situation but this does not solve the issue.}
({The straightforward} 25... Nxe3 {looks best when after} 26. fxe3 Bxe5 27.
dxe5 Bc8 {followed by ...Be6 Black is at least able to limit White's attacking
chances. Still White has a solid plus following} 28. Rd6 Be6 29. Bxe6 fxe6 30.
Qg2 $16) 26. Nxd5 $6 {Not at all bad but there was better to be found.} (26.
Nxg6 $1 fxg6 {would simply leave Black in very bad shape having a king without
a real shelter, e.g.} 27. Rc1 Kh7 28. Qh3 $18) (26. Nc6 $5 {was another good
way to a clear advantage following} Bxc6 27. bxc6 $16 {with two potentially
strong concted passed pawns as well as the pir of bishops.}) 26... Bxd5 27.
Bxd5 Rxd5 28. Rxe4 hxg3 29. hxg3 Bxe5 30. dxe5 Nxe5 {A tricky move in time
trouble. Black bravely enters the complications with the risk of losing a
piece.} 31. Kg2 $6 (31. Re3 $1 {would have forced Black into giving up his
knight after the forced line} Red8 32. Rde1 f6 33. f4 Qb4 34. Ba3 Qxa4 35. fxe5
Rxe5 36. Rxe5 fxe5 37. Bb2 $16 {with excellent winning chances for White.})
31... Qb7 $6 (31... Qd8 $1 {was more precise when White keeps only a symbolic
advantage.}) 32. f3 f6 33. Bxe5 $1 {Liquidating into a very comfortable
endgame for White.} Rdxe5 34. Rxe5 fxe5 (34... Rxe5 $4 {cannot be played due to
} 35. Rd8+ {when White's attack will become decisive.}) 35. Qc4+ Qf7 36. Rd5
Qe6 37. Qe4 {White has a nice grip holding Black passive defending his e5-pawn.
} Kf8 38. g4 $1 {Launching the g-pawn is a good way to play for White. It
gives more space and at some point the g-pawn might continue to g5 or even g6.}
Kf7 39. Kg3 Kf8 40. Kg2 {A safety move to complete the time control.} Kg8 41.
Kg3 Qe7 42. Rd1 $1 {It's time to regroup the pieces. Now Rh1 and Qc4+ can
cause Black serious trouble.} Qf6 43. Rc1 Rf8 44. Rc4 {Importantly defending
against the exchange of queens on f4.} Qf7 $2 (44... Rd8 {would have been
better.}) 45. g5 $1 {Allowing this move should normally mean the end for Black.
Now g6 is a crucial threat.} Qf5 46. Qxf5 $4 {I saw that this would give Black
good drawing chances but} ({in the eternal time trouble I did not realise that
} 46. g6 $1 {was just winning.} {There might follow} Qxe4 (46... Qe6 47. Rc6
$18) 47. fxe4 Rf6 48. Rc8+ Rf8 49. Rc6 (49. Rxf8+ Kxf8 50. Kg4 Ke7 $11 {
is just a draw.}) 49... Rf6 50. Kg4 $1 Kf8 51. Rc8+ Ke7 52. Rc7+ Kf8 53. Kg5
Rf4 54. Rc6 Rxe4 (54... Ke7 {is the most stubborn but after} 55. Rxb6 Rxe4 56.
Rb7+ Ke6 57. Rxg7 $18 {White's two passed pawns will decide.}) 55. Kf5 Rf4+ 56.
Ke6 Rf6+ 57. Kd7 $18) 46... Rxf5 47. Kg4 g6 48. Rc6 Rf4+ 49. Kg3 Kf7 50. Rxb6
Rxa4 51. Rf6+ Kg7 52. Ra6 ({White could win a pawn by playing} 52. Re6 {
but after} Kf7 53. Rxe5 Rb4 {Black will soon be able to force an exchange of
his a-pawn against White's b-pawn which leads to a completely drawn endgame.})
52... Kf7 53. Rf6+ Kg7 54. Ra6 Kf7 55. b6 Rb4 56. Rxa5 Ke6 57. Ra8 Rxb6 58. Rf8
1/2-1/2

[Event "Bundesliga 1516"]
[Site "Germany"]
[Date "2016.04.10"]
[Round "13.7"]
[White "Piorun, Kacper"]
[Black "L'Ami, Erwin"]
[Result "1-0"]
[WhiteElo "2591"]
[BlackElo "2614"]
[Annotator "Besenthal,K"]
[PlyCount "75"]
[EventDate "2015.09.18"]
[EventType "team-tourn"]
[EventRounds "15"]
[EventCountry "GER"]
[SourceTitle "CBM 172"]
[Source "ChessBase"]
[SourceDate "2016.05.12"]
[SourceVersion "1"]
[SourceVersionDate "2016.05.12"]
[SourceQuality "1"]
[WhiteTeam "Berlin SF"]
[BlackTeam "Solingen"]
[WhiteTeamCountry "GER"]
[BlackTeamCountry "GER"]

1. e4 e5 2. Nf3 Nc6 3. Bc4 Nf6 4. d3 Bc5 5. c3 O-O 6. O-O d6 7. Bg5 h6 8. Bh4
g5 9. Bg3 Bg4 10. Nbd2 a6 11. a4 Ba7 12. a5 Nd7 13. b4 Ne7 14. Qb3 Ng6 15. h3 {
Diagramm [#]} Bxf3 (15... Bh5 $1) 16. Nxf3 h5 17. Qd1 Kg7 18. d4 {Diagramm [#]
Weiß beantwortet den schwarzen Angriff mit einem Gegenstoß im Zentrum -
klassisch!} g4 19. hxg4 hxg4 20. Nh2 Nf6 21. Re1 {Diagramm [#]} Rh8 $6 (21...
Re8 $1 {mit Konzentration auf das Zentrum war stärker.}) 22. Nxg4 exd4 23.
cxd4 Nxg4 24. Qxg4 Bxd4 25. Rad1 $2 (25. Ra3 $1) 25... Qf6 $1 26. Rd3 Raf8 $2 (
26... Rh7 $1 27. Rf3 Rah8 28. Kf1 Rh1+ 29. Ke2 Rxe1+ 30. Kxe1 Bxf2+ $1 $11) 27.
Qf5 $2 (27. Red1 $1 Bb2 28. Bd5 {mit starker weißer Zentrumsstellung}) 27...
Rh6 28. Qxf6+ Bxf6 29. f4 Rfh8 30. e5 Be7 31. Re4 Rh5 32. Bb3 {Diagramm [#]}
Rh1+ $6 ({Es ist immer verlockend, sich für aktives Spiel zu entscheiden,
doch hier war die passive Blockade des Bf4 wohl stärker:} 32... Rf5) 33. Kf2
Rb1 34. exd6 Rb2+ 35. Kf3 {Diagramm [#]} Bxd6 (35... cxd6 {war nötig:} 36. f5
Ne5+ 37. Rxe5 Rxb3 38. Rxb3 dxe5 39. Bxe5+ f6 {zunächst "nur" mit einem
Minusbauern.}) 36. f5 Rh1 (36... Bxg3 37. Kxg3 Nf8 38. Re7 $18) 37. Bxd6 Rf1+
38. Ke3 1-0

[Event "Vienna op-A"]
[Site "Vienna"]
[Date "2016.08.22"]
[Round "8"]
[White "Rathnakaran, Kantholi"]
[Black "Ragger, Markus"]
[Result "0-1"]
[WhiteElo "2452"]
[BlackElo "2686"]
[Annotator "Besenthal,K"]
[PlyCount "84"]
[EventDate "2016.08.16"]
[EventType "swiss"]
[EventRounds "9"]
[EventCountry "AUT"]
[SourceTitle "CBM 173 Extra"]
[Source "ChessBase"]
[SourceDate "2016.08.29"]
[SourceVersion "1"]
[SourceVersionDate "2016.08.29"]
[SourceQuality "1"]

1. e4 e5 2. Nf3 Nc6 3. Bc4 Bc5 4. c3 Nf6 5. d3 O-O 6. Bb3 d5 7. Qe2 a5 {
Diagramm [#] Die weiße Eröffnungsbehandlung vermag nicht zu überzeugen:
Nach sieben Zügen liegt die Initiative bereits eher bei Schwarz.} 8. O-O $6 {
Ein weiterer sehr passiver Zug.} ({Mit} 8. Bg5 {konnte Weiß dem schwarzen
Vorstoß a5-a4 entgegentreten.}) 8... a4 9. Bc2 h6 (9... Re8 {war auch
möglich.} 10. Bg5 {beantwortet Schwarz einfach mit} d4) 10. exd5 Qxd5 11. Nbd2
Bg4 12. h3 Bh5 ({Die Computer finden} 12... Bf5 {besser. Nach} 13. g4 Bh7 {
gewinnt Schwarz gegenüber der beim 13. Zug genannten Variante ein Tempo und
nach} 14. Ne4 Be7 {scheitert} 15. Nh4 $2 {an dem einfachen Zug} Qd7) 13. Ne4 ({
Weiß sollte aktiver spielen:} 13. g4 $1 Bg6 14. Ne4 Be7 15. Nh4 Bh7 16. Nf5
Bxf5 17. gxf5 Qd7 18. Qf3 $11) 13... Be7 {Diagramm [#]} 14. Ng3 (14. g4 $1 {
war auch hier noch möglich.}) 14... Bxf3 15. gxf3 $2 {vergrößert den
ohnehin schon vorhandenen schwarzen Vorteil, denn angesichts der zerstörten
Struktur vor dem weißen König hätte der Anziehende besser die Damen
tauschen sollen.} Qe6 16. Kh2 Nd5 17. Rg1 Nf4 18. Qf1 Ng6 {Diagramm [#]} 19. d4
$2 {"Verzweiflung!", haben frühere Kommentatoren-Generationen bei solcher
Gelegenheit gerne geschrieben.} exd4 20. f4 Nh4 {Diesem Springer ist es egal,
dass er nicht mehr nach f4 gelangen kann.} 21. f5 Qd7 {Diagramm [#]} 22. Nh5 $2
{Weiß gibt eine Qualität, doch das führt zu nichts.} (22. Be4 $1 {war
wesentlich hartnäckiger. Schwarz hätte dann zunächst seine Stellung noch
weiter verstärken müssen, bevor er einen Durchbruch hätte erzielen können.}
) 22... Nf3+ 23. Kh1 Nxg1 24. Qg2 (24. Qxg1 Qd5+ 25. Kh2 g5 {ginge natürlich
noch viel weniger.}) 24... g5 {Das ist gut genug, um die weiße Aktion
komplett auszubremsen.} 25. Kxg1 (25. fxg6 Qxh3+ {usw.}) 25... f6 26. Nf4 Kh7
27. Be4 dxc3 28. Nd5 Rae8 29. h4 g4 30. bxc3 Bd6 31. Be3 Qf7 32. Rb1 Ne5 33.
Rxb7 Rg8 34. Kf1 {Diagramm [#]} Rb8 $1 {Macht sich auch die zweite von Weiß
geöffnete Linie zu Nutze.} 35. Ra7 Rg7 36. Bd4 Qf8 37. Nf4 Qe8 38. Ne6 Qb5+
39. Kg1 Nf3+ 40. Bxf3 Qb1+ 41. Bd1 Qxd1+ 42. Qf1 Bh2+ {Diagramm [#]} (42...
Bh2+ 43. Kg2 Qf3+ 44. Kxh2 g3+ {führt zum Matt.}) 0-1

[Event "Maribor Pirc Memorial"]
[Site "Maribor"]
[Date "1994.??.??"]
[Round "6"]
[White "Grosar, Aljosa"]
[Black "Osmanbegovic, Suad"]
[Result "1-0"]
[WhiteElo "2435"]
[BlackElo "2360"]
[Annotator "Blatny,P"]
[PlyCount "65"]
[EventDate "1994.02.??"]
[EventType "tourn"]
[EventRounds "11"]
[EventCountry "SLO"]
[EventCategory "9"]
[SourceTitle "CBM 040"]
[Source "ChessBase"]
[SourceDate "1994.06.01"]
[SourceVersion "1"]
[SourceVersionDate "1994.06.01"]
[SourceQuality "1"]

1. e4 e5 2. Bc4 Nf6 3. d3 Bc5 4. Nf3 d6 5. O-O Nc6 6. c3 Qe7 {<->d} 7. b4 Bb6
8. a4 a6 (8... a5 9. b5 {/\Ba3,d4}) 9. Nbd2 Rg8 (9... O-O 10. a5 Ba7 11. h3 {
+/= [+]}) 10. Bb3 Ba7 (10... g5 11. Nc4 Nd7 12. Nxb6 Nxb6 13. a5 Nd7 $16) 11.
Nc4 Be6 12. Ra2 {<->2} Nd8 (12... h6 13. b5 Nb8 14. Ba3 $14) 13. Re1 Nd7 (13...
h6 {/^c1-g5-d8}) 14. d4 (14. Ba3 Nb6 15. Nxb6 Bxb3 16. Qxb3 Bxb6 17. a5 Ba7 {
/\Ne6} 18. d4 {+/=/+/-}) 14... f6 (14... exd4 15. cxd4 {/\Bb2 /^a2-g8,/^a1-g7})
15. Ne3 Bxb3 16. Qxb3 Qf7 (16... Ne6 17. Nd5 Qf7 18. b5 $16) 17. Nd5 Rc8 {/\c6}
(17... Ne6 18. b5 Nb6 19. bxa6 bxa6 20. a5 Nxd5 21. Qxd5 Ke7 {+/=/+/-}) 18. Qb1
Nb6 (18... c6 19. Ne3 g6 20. b5 $36) 19. dxe5 dxe5 (19... fxe5 20. a5 Nd7 (
20... Nxd5 21. exd5 h6 22. c4 {/\c5})) 20. Be3 Nxd5 21. exd5 (21. Bxa7 Nxc3 $19
) 21... Bxe3 22. Rxe3 Qxd5 23. Rd2 Qe6 24. Rde2 (24. Qxh7 {+/-/+-}) 24... Nc6
25. b5 (25. Qxh7 Rd8 26. b5 $16) 25... axb5 26. axb5 Ne7 27. Nxe5 $1 (27. Nd4
Qf7 28. Qxh7 $14) 27... fxe5 28. Rxe5 Qd6 29. Qe4 (29. Qxh7 Kf7 30. Qh5+ $18)
29... Rd8 (29... Kf8 30. Rxe7 Qg6 31. Rf7+ $3 Qxf7 32. Qb4+ c5 33. bxc6+ Qe7
34. Qxe7#) 30. Rxe7+ Kf8 31. Re8+ Kf7 32. Qc4+ Qd5 33. Qf4+ 1-0

[Event "Interzonal-14c"]
[Site "Zagreb"]
[Date "1987.??.??"]
[Round "13"]
[White "Torre, Eugenio"]
[Black "Kortschnoj, Viktor Lvovich"]
[Result "1-0"]
[WhiteElo "2540"]
[BlackElo "2630"]
[Annotator "Blatny,P"]
[PlyCount "151"]
[EventDate "1987.08.01"]
[EventType "tourn"]
[EventRounds "17"]
[EventCountry "YUG"]
[EventCategory "12"]
[SourceTitle "CBM 004"]
[Source "ChessBase"]
[SourceDate "1988.06.01"]
[SourceVersion "1"]
[SourceVersionDate "1988.06.01"]
[SourceQuality "1"]

1. e4 e5 2. Nf3 Nc6 3. Bc4 Bc5 4. O-O Nf6 5. d3 a6 6. Bb3 Ba7 7. Nbd2 O-O 8.
Nc4 d6 9. c3 Ne7 10. Bg5 Ng6 11. Nh4 Bg4 12. Qc2 Nf4 $6 (12... Qd7 $142) 13.
Ne3 Ne6 14. Bxe6 Bxe6 15. Nhf5 h6 16. Bh4 $16 Kh7 17. d4 g5 $1 18. Bg3 Nh5 19.
dxe5 $2 (19. Qe2) 19... Nxg3 20. hxg3 Bxe3 21. Nxe3 dxe5 $10 22. Rad1 Qe7 23.
Nd5 Bxd5 24. exd5+ (24. Rxd5 Rad8 $10) 24... Kg7 25. g4 Qd7 26. Qe4 Rae8 27.
Rd3 $6 (27. Qb4 $142 b6 28. d6 a5 $6 29. dxc7 $1 Qxd1 30. Qxf8+) 27... f5 28.
gxf5 Rxf5 29. g3 Ref8 $15 {<-> f} 30. c4 (30. g4 R5f6 31. Qxe5 Qxg4+) 30... Qd6
31. Re3 h5 32. Kg2 g4 33. Re2 b6 34. Rc1 Qg6 {/\ Rf2} 35. Qe3 Qd6 36. Rcc2 Kg8
37. Kg1 R8f7 38. Qe4 a5 39. b3 Qf6 40. Qe3 h4 $40 {>>} 41. gxh4 Qxh4 42. Qg3
Qh5 43. Rc3 $1 Rg5 44. Qh2 g3 $5 45. Rxg3 Rxg3+ 46. fxg3 Qg4 47. Rd2 $1 (47.
Rf2 $2 Qd4 {/\ e4-e3} 48. Kf1 Qa1+ 49. Kg2 Rxf2+ 50. Kxf2 Qxa2+ 51. Kg1 Qxb3)
47... e4 (47... Rf3 48. Qh4 $1 Rxg3+ 49. Qxg3 Qxg3+ 50. Rg2 $10) 48. Qh4 Qf5 $2
(48... Qf3 49. Qd8+ Kg7 50. Qg5+ Kf8 51. Qd8+ $10) 49. Qf4 Qxf4 (49... Qh3 50.
Qg5+ Kf8 51. Rf2) (49... Qg6 50. Qe5 e3 51. Qe8+ (51. Qxe3 $4 Qb1+ 52. Kh2 Rh7+
$19) 51... Kg7 52. Qxe3 $18) 50. gxf4 Rxf4 51. Rf2 Rf7 $6 (51... Rh4 $1 {/\ a4}
) 52. Re2 (52. Kg2 Rg7+ $5 53. Kf1 Rh7 54. Ke2 Rh3 {/\ a4}) 52... Re7 53. Kf2
Kf7 54. Ke3 Ke8 55. Kd4 Kd7 56. Rxe4 Rh7 57. c5 bxc5+ 58. Kxc5 $18 {R 6/a} Rh5
59. Rg4 Rf5 60. Rh4 Rg5 61. Rf4 Rh5 62. Rg4 Kc8 (62... Rf5 63. Ra4 c6 64. Rxa5
Rxd5+ (64... cxd5 65. Ra6) 65. Kb6 Rd2 (65... Kd6 66. b4 {/\ Rc5}) 66. Ra7+ Kd6
67. Rc7 Rxa2 68. Rxc6+ Kd7 69. b4 $18) 63. Rd4 Kb7 64. Kb5 Rh6 (64... c6+ 65.
Kxa5 cxd5 66. Kb5) 65. a3 Rh5 (65... Rb6+ 66. Ka4 {/\ Rc4-c5}) 66. Kxa5 c6 67.
a4 Kc7 68. Kb4 cxd5 69. Kc5 Rh3 70. b4 Ra3 71. a5 Rc3+ 72. Kb5 Kd6 73. a6 Ke5
74. Rd1 Ra3 75. Kb6 d4 76. a7 1-0

[Event "Lazne Bohdanec"]
[Site "Lazne Bohdanec"]
[Date "1996.??.??"]
[Round "10"]
[White "Blatny, Pavel"]
[Black "Kogan, Artur"]
[Result "0-1"]
[WhiteElo "2515"]
[BlackElo "2485"]
[Annotator "Blatny,P"]
[PlyCount "64"]
[EventDate "1996.01.??"]
[EventType "tourn"]
[EventRounds "11"]
[EventCountry "CZE"]
[EventCategory "10"]
[SourceTitle "CBM 051"]
[Source "ChessBase"]
[SourceDate "1996.04.01"]
[SourceVersion "1"]
[SourceVersionDate "1996.04.01"]
[SourceQuality "1"]

1. e4 e5 2. Nf3 Nc6 3. Bc4 Nf6 4. d3 Bc5 5. c3 a6 6. b4 Ba7 7. O-O d6 8. Be3 (
8. a4 h6 9. Nbd2 O-O 10. Bb3 b5 11. h3 Be6 12. Re1 Qd7 13. Nf1 Rfe8 14. Be3
Bxe3 15. Nxe3 {1/2-1/2 Prasad,D-Thipsay,P/New Delhi/1987/}) (8. Nbd2 O-O 9. Bb2
$6 Nh5 10. d4 Nf4 $36 11. g3 (11. dxe5 dxe5 12. b5 axb5 13. Bxb5 Qf6 $40 {>>})
(11. Qb3 exd4 (11... b5 12. Bd5 $10) 12. cxd4 b5 13. Bd5 Nxd5 14. Qxd5 Bd7 $15)
11... Nh3+ 12. Kg2 Bg4 13. Be2 f5 14. Ne1 Bxe2 15. Qxe2 Ng5 16. exf5 (16. dxe5
$5) 16... Rxf5 17. f4 Nf7 18. a4 $2 {1/2-1/2 Renner,C-Klebel,M/Augsburg (01)/
1989/} (18. dxe5 $10) (18. d5 $10) 18... exd4 $1 $17) (8. Re1 O-O 9. Nbd2 Be6
10. Nf1 d5 11. exd5 Bxd5 12. Bg5 Bxc4 13. dxc4 Qxd1 14. Raxd1 Ng4 15. Bh4 f6
16. c5 Rad8 17. h3 Nh6 18. Ne3 Rxd1 19. Rxd1 Rd8 20. Rxd8+ Nxd8 21. g4 g5 22.
Bg3 Kf7 $15 {Reyes,R-Bisguier,A/New York op (09)/1989/}) (8. Bg5 Be6 9. Nbd2 h6
10. Be3 O-O 11. Bxa7 Nxa7 12. Re1 Nc6 13. Qb3 Re8 14. Bxe6 fxe6 15. d4 $14 {
Maier,C-Staiger,F/BL2-SW 9091 (1990)/1991/}) 8... O-O (8... Be6 9. Nbd2 h6 10.
a4 Bxe3 11. fxe3 Bxc4 12. Nxc4 O-O 13. Qe1 d5 14. Ncxe5 Nxe5 15. Nxe5 dxe4 16.
d4 Nd7 $10 {Zigo,V-Hladik,J/CZE-ch (04)/1994/}) 9. a4 Ne7 (9... Bxe3 10. fxe3
Qe7 11. Nbd2 Bg4 $10) 10. Bg5 $5 Ng6 11. Nh4 Bg4 $6 (11... Nxh4 $142 12. Bxh4
h6 $1 $10) 12. Qd2 $4 (12. Qxg4 Nxg4 13. Bxd8 Rfxd8 14. Nxg6 hxg6 15. h3 Nf6
16. Nd2 $14 {_|_}) (12. Qc1 Nxh4 13. Bxh4 c6 14. Re1 $14) 12... Nxh4 13. Bxh4
Nxe4 $1 14. Bxd8 (14. Qe1 $142 $1 Nf6 (14... Qxh4 15. Qxe4 c6 16. h3 d5 17.
Bxd5 cxd5 18. Qxg4 Qxg4 19. hxg4 $15) 15. Bb3 $17) 14... Nxd2 15. Bxc7 $5 (15.
Nxd2 Raxd8 $19 {P,^^}) 15... Nxf1 16. Kxf1 (16. Bxd6 Rfd8 17. Bxe5 Be2 $19)
16... Rac8 $1 17. Bxd6 Rfd8 18. Be7 (18. Bxe5 $2 Rxc4 19. dxc4 Rd1#) (18. f3
Bf5 19. Bxe5 Rxd3 $1 (19... Rxc4 20. dxc4 Rd1+ 21. Ke2 Rxb1 22. Rxb1 Bxb1 $19 {
_|_}) 20. Na3 Rxc4 $1 21. Nxc4 Rd5 22. Ke1 Bd3 $19) 18... Rd7 19. Bc5 $8 Bxc5 (
19... b6 $2 20. Bxa6 $1) 20. bxc5 Rxc5 21. Nd2 (21. Na3 Kf8 $19 {_|_}) 21...
Bf5 $1 22. Ke2 Bxd3+ $1 23. Bxd3 Rcd5 $19 24. Nc4 Rxd3 25. Nxe5 Rd2+ 26. Ke1 (
26. Ke3 R7d6 27. Rb1 f6 28. Nc4 (28. Nf3 R2d3+ 29. Ke2 Rxc3 30. Rxb7 Rc4 $19)
28... R6d3+ 29. Ke4 f5+ $19) 26... Rd8 27. Rb1 Ra2 28. Rxb7 Rxa4 29. f3 Ra2 30.
Nxf7 Re8+ 31. Kf1 Ree2 32. Ng5 Reb2 0-1